000 01307 a2200229 4500
001 60481
005 20260407155856.0
008 260407a1995 arg spa d
003 AR-UNSa-BCEJYS
040 _aAR-UNSa-BCEJYS
_bspa
_cAR-UNSa-BCEJYS
080 _a101.1
_xNaturaleza de la filosofía. La filosofía como ciencia. La filosofía como arte (pensamiento filosófico)
245 1 0 _aPrincipios de filosofía
_pUna introducción a su problemática
020 _a950-9115-01-0
250 _a2a. ed.
264 1 _aBuenos Aires :
_bGlauco
_c1995
300 _axxii, 495 p.
_c22 cm.
505 _a1. Los problemas de la filosofía - 2. Cambio y permanencia – 3. La filosofía como crítica universal y saber sin supuestos – 4. El descubrimiento del concepto. Sócrates – 5. El mundo de las ideas. Platón – 6. El mundo de las substancias. Aristóteles – 7. La razón y la fe. Santo Tomás – 8. El racionalismo. Descartes – 9. El empirismo – 10. El idealismo trascendental. Kant – 11. El idealismo absoluto. Hegel – 12. El materialismo histórico. Marx – 13. La fenomenología. Husserl – 14. Ser y existencia. Heidegger – 15. Epílogo. El hombre y la filosofía -
041 _aspa
942 _cBK
590 _aniveau_biblio:m niveau_hierar:0
100 1 _aCarpio, Adolfo P.
999 _c7010
_d7010